[Event "Sunway Sitges Online Open"]
[Site "chess.com INT"]
[Date "2020.04.19"]
[Round "1.1"]
[White "Bernadskiy, Vitaliy"]
[Black "Adarsh, Tripathi"]
[Result "0-1"]
[WhiteTitle "GM"]
[WhiteElo "2629"]
[BlackElo "2115"]
[WhiteFideId "14100371"]
[BlackFideId "35061984"]
[EventDate "2020.04.19"]

1. e4 c5 2. Ne2 g6 3. g3 Bg7 4. Bg2 Nc6 5. O-O Nf6 6. Nbc3 O-O 7. d3 d6 8. h3
Rb8 9. Be3 b5 10. Qd2 b4 11. Nd1 Bd7 12. Kh2 Ne8 13. Bh6 Nc7 14. Bxg7 Kxg7 15.
f4 e6 16. f5 f6 17. fxe6 Nxe6 18. Ne3 Ne5 19. Rf2 Bc6 20. Raf1 Qa5 21. Nf4 Nxf4
22. gxf4 Nf7 23. Nc4 Qxa2 24. e5 Bxg2 25. exf6+ Kh8 26. Rxg2 d5 27. Ne5 Qxb2 28.
Qe1 Nxe5 29. fxe5 Rbe8 30. Re2 Re6 31. Rf4 Qc3 32. Qh4 Rxe5 33. Ref2 Rf5 34.
Rxf5 gxf5 35. Rxf5 Qxc2+ 36. Rf2 Qxd3 37. Qh6 Rg8 38. Qf4 Qg6 39. h4 Qg1+ 40.
Kh3 Qh1+ 41. Rh2 Qe4 0-1

[Event "Sunway Sitges Online Open"]
[Site "chess.com INT"]
[Date "2020.04.19"]
[Round "1.2"]
[White "Guillo Longares, Cecilia"]
[Black "Adly, Ahmed"]
[Result "0-1"]
[WhiteTitle "WFM"]
[BlackTitle "GM"]
[WhiteElo "2114"]
[BlackElo "2615"]
[WhiteFideId "32082681"]
[BlackFideId "10601619"]
[EventDate "2020.04.19"]

1. d4 Nf6 2. c4 e6 3. Nf3 d5 4. cxd5 exd5 5. Bg5 Be7 6. Nc3 c6 7. e3 Bf5 8. Bd3
Bxd3 9. Qxd3 Nbd7 10. O-O O-O 11. Rab1 a5 12. Qc2 Ne8 13. Bxe7 Qxe7 14. Nd2 Nd6
15. Rbe1 f5 16. f4 b5 17. b3 Rfc8 18. Rf3 Nf6 19. Ne2 Nde4 20. Ng3 g6 21. h4 c5
22. dxc5 Qxc5 23. Qxc5 Rxc5 24. Ndxe4 dxe4 25. Rf2 Rd8 26. Rb2 Rc3 27. Nf1 Ng4
28. g3 Rdd3 29. Rbe2 h5 30. Kg2 Kf7 31. Kg1 Ke7 32. Kg2 Kd6 33. Kg1 Kc5 34. Kg2
Kb4 35. Kg1 Rc5 36. Kg2 Rdc3 37. Rd2 Rc2 38. Ree2 Rxd2 39. Rxd2 Ka3 40. Re2 Rc1
41. Rd2 Ra1 42. Rd6 Rxa2+ 43. Kg1 Ra1 44. Kg2 Kxb3 45. Rxg6 b4 46. Rg5 a4 47.
Rxf5 Rxf1 0-1

[Event "Sunway Sitges Online Open"]
[Site "chess.com INT"]
[Date "2020.04.19"]
[Round "1.4"]
[White "Ilandzis, Spyridon"]
[Black "Shevchenko, Kirill"]
[Result "0-1"]
[BlackTitle "GM"]
[WhiteElo "2106"]
[BlackElo "2592"]
[WhiteFideId "4200276"]
[BlackFideId "14129574"]
[EventDate "2020.04.19"]

1. e4 c5 2. Nf3 d6 3. d4 cxd4 4. Nxd4 Nf6 5. Nc3 a6 6. Be2 e5 7. Nb3 Be7 8. Be3
Be6 9. O-O O-O 10. Qd2 Nbd7 11. a4 Nb6 12. Rfd1 Rc8 13. a5 Nc4 14. Bxc4 Rxc4 15.
f3 h6 16. Ra4 Qc8 17. Qf2 Rd8 18. Nc1 d5 19. exd5 Nxd5 20. Nxd5 Rxd5 21. Rxd5
Rxc2 22. Qe1 Bxd5 23. Nd3 Rxg2+ 24. Kxg2 Qc2+ 25. Qd2 Qxa4 26. Nxe5 Qb3 27. Bd4
Bf6 28. Qc3 Qxc3 29. Bxc3 Be7 30. Nd3 g5 31. Kf2 f6 32. Nb4 Bc5+ 33. Kg3 Bd6+
34. Kf2 Bb3 35. h3 Kf7 36. Kg2 h5 37. Nd3 Bd5 38. Nf2 f5 39. Nd3 Ke6 40. Kf2 Bc4
41. Ne1 Be5 42. Ng2 f4 43. Ne1 Bxc3 44. bxc3 h4 45. Nc2 Kd6 46. Nd4 Be6 47. Kg2
Kd5 48. Nb3 Kc4 49. Nd2+ Kxc3 50. Ne4+ Kb4 51. Nxg5 Bd5 52. Nh7 Kxa5 53. Nf8 Bf7
54. Nd7 Kb4 55. Ne5 Bc4 56. Ng6 a5 57. Nxh4 a4 58. Nf5 a3 59. Nd4 Kc3 0-1

[Event "Sunway Sitges Online Open"]
[Site "chess.com INT"]
[Date "2020.04.19"]
[Round "1.5"]
[White "Thybo, Jesper Sondergaard"]
[Black "Badillo Ramos, Steve"]
[Result "1-0"]
[WhiteTitle "GM"]
[WhiteElo "2590"]
[BlackElo "2102"]
[WhiteFideId "1438832"]
[BlackFideId "24526150"]
[EventDate "2020.04.19"]

1. Nf3 d5 2. d4 Nf6 3. c4 c6 4. Nbd2 e6 5. g3 Nbd7 6. Bg2 Bd6 7. O-O O-O 8. Qc2
Re8 9. b3 e5 10. cxd5 cxd5 11. dxe5 Nxe5 12. Bb2 Bd7 13. Bxe5 Bxe5 14. Nxe5 Rxe5
15. Nf3 Re7 16. Rac1 Rc8 17. Qb2 Rxc1 18. Rxc1 Be6 19. Qc3 Ne8 20. Rd1 Qb6 21.
Qe5 Nf6 22. Rxd5 Kf8 23. Qb8+ Ne8 24. Rd1 Rc7 25. Qd8 f6 26. Qd2 Rd7 27. Nd4 Bf7
28. e3 g6 29. Qb2 Rc7 30. h4 h5 31. Ne2 a5 32. Nf4 Qc5 33. Be4 f5 34. Bd5 Rd7
35. Rc1 Qd6 36. Qh8+ Ke7 37. Qh7 Qf6 38. Bxf7 Kd8 39. Qxg6 Rxf7 40. Qxh5 Rg7 41.
Rc8+ Kxc8 42. Qxe8+ Qd8 43. Qxd8+ 1-0

[Event "Sunway Sitges Online Open"]
[Site "chess.com INT"]
[Date "2020.04.19"]
[Round "1.6"]
[White "Shoshin, Kirill"]
[Black "Fier, Alexandr"]
[Result "0-1"]
[BlackTitle "GM"]
[WhiteElo "2098"]
[BlackElo "2560"]
[WhiteFideId "34167061"]
[BlackFideId "2107139"]
[EventDate "2020.04.19"]

1. d4 Nf6 2. c4 c5 3. d5 e6 4. Nc3 exd5 5. cxd5 d6 6. e4 g6 7. h3 Bg7 8. Nf3 a6
9. a4 Nbd7 10. Bd3 Nh5 11. Bg5 Bf6 12. Bh6 Ne5 13. Nxe5 Bxe5 14. Qd2 Ng7 15.
O-O-O O-O 16. f4 Bf6 17. g4 b5 18. Ne2 bxa4 19. g5 Be7 20. Qc3 f6 21. h4 Rb8 22.
Bc2 Bg4 23. Rh2 Rb4 24. e5 fxe5 25. fxe5 Rf3 26. Qd2 a3 27. exd6 axb2+ 28. Kb1
Qa5 0-1

[Event "Sunway Sitges Online Open"]
[Site "chess.com INT"]
[Date "2020.04.19"]
[Round "1.7"]
[White "Nasuta, Grzegorz"]
[Black "Ansh, M Shah"]
[Result "1-0"]
[WhiteTitle "GM"]
[WhiteElo "2558"]
[BlackElo "2095"]
[WhiteFideId "1141686"]
[BlackFideId "25033379"]
[EventDate "2020.04.19"]

1. e4 e6 2. d4 d5 3. Nc3 Nf6 4. e5 Nfd7 5. f4 c5 6. Nf3 Nc6 7. Be3 a6 8. Qd2 b5
9. Be2 Qb6 10. Nd1 cxd4 11. Nxd4 Bc5 12. c3 b4 13. Nxc6 Qxc6 14. cxb4 d4 15. Bf2
Be7 16. Bf3 Qb5 17. Bxa8 Bxb4 18. Nc3 dxc3 19. bxc3 Ba5 20. Bf3 O-O 21. Be2 Qc6
22. O-O Rd8 23. Rfd1 Nf8 24. Qe3 Rxd1+ 25. Rxd1 Bb7 26. Bf3 Qa4 27. Qd4 Qb5 28.
c4 Qb4 29. c5 Qb5 30. Qd3 Bxf3 31. Qxb5 axb5 32. gxf3 1-0

[Event "Sunway Sitges Online Open"]
[Site "chess.com INT"]
[Date "2020.04.19"]
[Round "1.8"]
[White "Thrish, Karthik"]
[Black "Tsydypov, Zhamsaran"]
[Result "0-1"]
[BlackTitle "GM"]
[WhiteElo "2095"]
[BlackElo "2558"]
[WhiteFideId "46626433"]
[BlackFideId "4108566"]
[EventDate "2020.04.19"]

1. e4 d6 2. d4 Nf6 3. Nc3 Nbd7 4. Be2 e5 5. Nf3 Be7 6. O-O O-O 7. dxe5 dxe5 8.
Bg5 c6 9. a4 h6 10. Bxf6 Bxf6 11. h3 a5 12. Bc4 Nc5 13. Qe2 Qb6 14. b3 Ne6 15.
Bxe6 Bxe6 16. Rfd1 Rfd8 17. Rxd8+ Rxd8 18. Rd1 Qc5 19. Rd3 Be7 20. Qd2 Rxd3 21.
Qxd3 Qa3 22. Nxe5 Qa1+ 23. Kh2 Bb4 24. Qd8+ Kh7 25. f4 Qxc3 26. Nf3 Qxc2 27. f5
Bxb3 28. Qe8 Bd6+ 29. e5 Qe4 30. Kh1 Bd5 31. e6 Qb1+ 32. Ng1 Bc5 0-1

[Event "Sunway Sitges Online Open"]
[Site "chess.com INT"]
[Date "2020.04.19"]
[Round "1.9"]
[White "Sindarov, Javokhir"]
[Black "Namitbir, Singh Walia"]
[Result "1-0"]
[WhiteTitle "GM"]
[WhiteElo "2557"]
[BlackElo "2093"]
[WhiteFideId "14205483"]
[BlackFideId "35071068"]
[EventDate "2020.04.19"]

1. e4 e5 2. Nf3 Nc6 3. Bb5 a6 4. Ba4 Nf6 5. O-O Be7 6. Re1 b5 7. Bb3 d6 8. c3
O-O 9. h3 Nb8 10. d4 Nbd7 11. c4 c6 12. Nc3 Qc7 13. a3 Bb7 14. cxb5 cxb5 15. Ba2
Rac8 16. Bd2 h6 17. Rc1 Qb8 18. Nh4 exd4 19. Nf5 Rfe8 20. Nxd4 Bf8 21. Nf5 Nc5
22. Qf3 Ncxe4 23. Nxh6+ gxh6 24. Nxe4 Bxe4 25. Qxf6 d5 26. Rxc8 Qxc8 27. Bc3 1-0

[Event "Sunway Sitges Online Open"]
[Site "chess.com INT"]
[Date "2020.04.19"]
[Round "1.11"]
[White "Anisimov, Pavel2"]
[Black "Berke, Ana"]
[Result "1-0"]
[WhiteTitle "GM"]
[BlackTitle "WIM"]
[WhiteElo "2527"]
[BlackElo "2090"]
[WhiteFideId "4135229"]
[BlackFideId "14510359"]
[EventDate "2020.04.19"]

1. e4 c5 2. Ne2 Nc6 3. Nbc3 d6 4. d4 cxd4 5. Nxd4 Nf6 6. Bg5 Bd7 7. Bxf6 gxf6 8.
Nb3 Qb6 9. Nd5 Qd8 10. Qh5 e6 11. Ne3 Rc8 12. O-O-O a5 13. Bb5 a4 14. Bxa4 Ra8
15. Bxc6 Bxc6 16. Kb1 Bxe4 17. Rhe1 Bg6 18. Qe2 Be7 19. f4 Be4 20. f5 h5 21.
fxe6 fxe6 22. Nc5 dxc5 23. Rxd8+ Rxd8 24. Qc4 Bd5 25. Nxd5 exd5 26. Qf4 Kf7 27.
Qc7 Rhe8 28. a4 Ra8 29. Qxb7 Rxa4 30. Qxd5+ Kf8 31. Qxh5 1-0

[Event "Sunway Sitges Online Open"]
[Site "chess.com INT"]
[Date "2020.04.19"]
[Round "1.12"]
[White "Hamley, Ryan"]
[Black "Salinas Herrera, Pablo"]
[Result "0-1"]
[BlackTitle "GM"]
[WhiteElo "2089"]
[BlackElo "2514"]
[WhiteFideId "30959497"]
[BlackFideId "3407128"]
[EventDate "2020.04.19"]

1. e4 c5 2. Nf3 e6 3. d3 Nc6 4. g3 Nge7 5. Bg2 g6 6. O-O Bg7 7. c3 e5 8. a4 O-O
9. Na3 d5 10. Qe2 h6 11. exd5 Nxd5 12. Nc4 Re8 13. Nfd2 f5 14. Nb3 b6 15. a5 Rb8
16. axb6 axb6 17. f4 Bb7 18. Nxe5 Nxe5 19. fxe5 Rxe5 20. Qf2 Qe8 21. Bd2 Qb5 22.
Nc1 Qe8 23. Ra7 Bc6 24. h3 Ra8 25. Rxa8 Qxa8 26. Ne2 Nf6 27. Bxc6 Qxc6 28. Nf4
Kf7 29. Ra1 Re7 30. Ng2 Qb5 31. Re1 Rxe1+ 32. Nxe1 Qxb2 33. Nf3 Nd5 34. g4 Qb1+
35. Ne1 Ne7 36. gxf5 Nxf5 37. Qf3 Kg8 38. Qg4 Kh7 39. h4 h5 40. Qf4 Bh6 41. Qc7+
Ng7 42. Qh2 Qd1 0-1

[Event "Sunway Sitges Online Open"]
[Site "chess.com INT"]
[Date "2020.04.19"]
[Round "1.13"]
[White "Vrolijk, Liam"]
[Black "Hernandez Torralba, Jose Joaquin"]
[Result "1-0"]
[WhiteTitle "IM"]
[WhiteElo "2502"]
[BlackElo "2088"]
[WhiteFideId "1048333"]
[BlackFideId "32030770"]
[EventDate "2020.04.19"]

1. c4 e5 2. g3 Nf6 3. Bg2 d5 4. cxd5 Nxd5 5. Nf3 Nc6 6. O-O Be7 7. d4 exd4 8.
Nxd4 Nxd4 9. Qxd4 Nf6 10. Qa4+ c6 11. Rd1 Qc7 12. Bf4 Qb6 13. Nd2 O-O 14. Nc4
Qb4 15. Qxb4 Bxb4 16. a3 Be6 17. Nd6 Bxd6 18. Bxd6 Rfe8 19. f3 Nd5 20. Kf2 Nb6
21. Bf4 Bb3 22. Rd6 Rad8 23. Rxd8 Rxd8 24. Re1 Rd5 25. e4 Rb5 26. Rc1 c5 27. Bf1
c4 28. Be3 h6 29. Bd4 Rh5 30. h3 Rg5 31. f4 Rg6 32. g4 Nc8 33. e5 Rc6 34. Re1
Rc7 35. Bg2 Rd7 36. Bc3 Bc2 37. f5 Re7 38. Bb4 Re8 39. Bxb7 Ne7 40. e6 fxe6 41.
Rxe6 Kf7 42. Ba6 1-0

[Event "Sunway Sitges Online Open"]
[Site "chess.com INT"]
[Date "2020.04.20"]
[Round "2.1"]
[White "Gluhovsky, Mark"]
[Black "Bernadskiy, Vitaliy"]
[Result "1-0"]
[BlackTitle "GM"]
[WhiteElo "2271"]
[BlackElo "2629"]
[WhiteFideId "24165514"]
[BlackFideId "14100371"]
[EventDate "2020.04.19"]

1. e4 c6 2. d4 d5 3. e5 c5 4. dxc5 Nc6 5. a3 Nxe5 6. b4 g6 7. f4 Nc6 8. Bb2 Nf6
9. c4 d4 10. Nf3 Bg7 11. b5 Na5 12. Bxd4 O-O 13. Nc3 Be6 14. Qa4 a6 15. b6 Nc6
16. Rd1 Qb8 17. Bxf6 exf6 18. Nd5 Qe8 19. Be2 Rd8 20. Kf2 Rd7 21. Rhe1 Qb8 22.
g3 Rfd8 23. Qc2 Bxd5 24. cxd5 Rxd5 25. Rxd5 Rxd5 26. Bc4 Rd7 27. Bb3 Qd8 28. Ba4
Bf8 29. Bxc6 bxc6 30. Rb1 Rd5 31. b7 Rxc5 32. Qd2 Rd5 33. Qxd5 Qxd5 34. b8=Q Kg7
35. Qb3 Bc5+ 36. Kg2 Qe4 37. Re1 1-0

[Event "Sunway Sitges Online Open"]
[Site "chess.com INT"]
[Date "2020.04.20"]
[Round "2.2"]
[White "Adly, Ahmed"]
[Black "Papadiamandis, Elliot"]
[Result "1/2-1/2"]
[WhiteTitle "GM"]
[WhiteElo "2615"]
[BlackElo "2269"]
[WhiteFideId "10601619"]
[BlackFideId "36074160"]
[EventDate "2020.04.19"]

1. Nf3 Nf6 2. g3 g6 3. d4 Bg7 4. Bg2 d5 5. c4 dxc4 6. Na3 c3 7. bxc3 O-O 8. O-O
c5 9. Rb1 Nc6 10. Ne5 cxd4 11. Nxc6 bxc6 12. cxd4 Bf5 13. Rb4 Rc8 14. Ra4 Ne4
15. Bb2 h5 16. Ba1 Qc7 17. Qc1 Rfd8 18. Qe3 Nf6 19. Rc1 Qd7 20. Rc5 e5 21. Qc1
Ne4 22. Bxe4 Bxe4 23. Nc4 exd4 24. Ne5 Qf5 25. Rxd4 Rxd4 26. Bxd4 Rb8 1/2-1/2

[Event "Sunway Sitges Online Open"]
[Site "chess.com INT"]
[Date "2020.04.20"]
[Round "2.3"]
[White "Savitha, Shri B"]
[Black "Bachmann, Axel"]
[Result "0-1"]
[WhiteTitle "WFM"]
[BlackTitle "GM"]
[WhiteElo "2261"]
[BlackElo "2599"]
[WhiteFideId "35061887"]
[BlackFideId "3700488"]
[EventDate "2020.04.19"]

1. e4 g6 2. d4 Bg7 3. Nc3 d6 4. Be3 c6 5. Qd2 Nd7 6. O-O-O b5 7. f4 Ngf6 8. e5
b4 9. exf6 bxc3 10. Qxc3 Nxf6 11. Bc4 O-O 12. Nf3 Nd5 13. Bxd5 cxd5 14. h4 Bf5
15. Qa3 Qd7 16. h5 Rfc8 17. Rd2 Rc4 18. hxg6 hxg6 19. Nh4 Be4 20. Nf3 Rac8 21.
c3 Rb8 22. Ng5 Ra4 23. Nxe4 Rxa3 24. bxa3 Qb5 25. Kd1 Qb1+ 26. Ke2 Qxh1 27. Nf2
Qxg2 28. Rc2 Rb1 29. Bd2 e5 30. dxe5 dxe5 31. fxe5 Bxe5 32. Be1 Bg3 33. Rd2 Bxf2
34. Bxf2 Qe4+ 35. Be3 Rh1 36. a4 Rh2+ 37. Kd1 Qb1# 0-1

[Event "Sunway Sitges Online Open"]
[Site "chess.com INT"]
[Date "2020.04.20"]
[Round "2.4"]
[White "Shevchenko, Kirill"]
[Black "Matthiesen, Martin"]
[Result "1-0"]
[WhiteTitle "GM"]
[BlackTitle "FM"]
[WhiteElo "2592"]
[BlackElo "2260"]
[WhiteFideId "14129574"]
[BlackFideId "1404067"]
[EventDate "2020.04.19"]

1. e4 e5 2. Nf3 Nc6 3. Bb5 a6 4. Ba4 Nf6 5. d3 b5 6. Bb3 Bc5 7. Nc3 d6 8. Nd5 h6
9. c3 Rb8 10. O-O O-O 11. Re1 Nxd5 12. Bxd5 Ne7 13. Bb3 Ng6 14. d4 Bb6 15. h3
Qf6 16. a4 c5 17. Be3 Rd8 18. a5 Ba7 19. Bd5 Bd7 20. b4 exd4 21. cxd4 c4 22. e5
Qe7 23. Qc2 Nh4 24. Nxh4 Qxh4 25. Qg6 Be8 26. exd6 Bxd4 27. Rad1 Bxe3 28. Rxe3
Kh8 29. Bxf7 Bxf7 30. Qxf7 Rf8 31. Qe7 Qxf2+ 32. Kh1 c3 33. Rxc3 Rbe8 34. Rf3
Rxf3 35. Qxe8+ Kh7 36. Qe4+ 1-0

[Event "Sunway Sitges Online Open"]
[Site "chess.com INT"]
[Date "2020.04.20"]
[Round "2.5"]
[White "Grutter, Tim"]
[Black "Thybo, Jesper Sondergaard"]
[Result "0-1"]
[BlackTitle "GM"]
[WhiteElo "2253"]
[BlackElo "2590"]
[WhiteFideId "1057472"]
[BlackFideId "1438832"]
[EventDate "2020.04.19"]

1. e4 e5 2. Nf3 Nc6 3. Bc4 Nf6 4. d3 h6 5. c3 d6 6. Bb3 g5 7. h3 Bg7 8. Nbd2 d5
9. O-O O-O 10. Re1 Re8 11. Nf1 a6 12. Qe2 Be6 13. Bc2 Qd7 14. Ne3 Rad8 15. Bd2
dxe4 16. dxe4 Nh5 17. Nf5 Nf4 18. Bxf4 exf4 19. Rad1 Qc8 20. Nxg7 Kxg7 21. Nd4
Ne5 22. Bb3 Bxh3 23. gxh3 Qxh3 24. f3 Rxd4 25. Rf1 Rxd1 26. Qxd1 g4 27. fxg4
Qg3+ 28. Kh1 Nxg4 29. Qd2 Re5 0-1

[Event "Sunway Sitges Online Open"]
[Site "chess.com INT"]
[Date "2020.04.20"]
[Round "2.6"]
[White "Fier, Alexandr"]
[Black "Raahul, V S"]
[Result "0-1"]
[WhiteTitle "GM"]
[WhiteElo "2560"]
[BlackElo "2259"]
[WhiteFideId "2107139"]
[BlackFideId "25035525"]
[EventDate "2020.04.19"]

1. d4 d5 2. c4 c6 3. Nc3 Nf6 4. cxd5 cxd5 5. Bf4 Nc6 6. e3 Bg4 7. Qb3 Qd7 8. h3
Bh5 9. g4 Bg6 10. Nf3 e6 11. Ne5 Qc8 12. h4 Nxe5 13. dxe5 Nd7 14. h5 Be4 15.
Nxe4 dxe4 16. Qa4 a6 17. Bg2 Qc5 18. a3 Qb5 19. Qxb5 axb5 20. Bxe4 Nc5 21. Bc2
Be7 22. Ke2 O-O 23. Rhc1 Rfd8 24. b4 Na4 25. Be4 Rd7 26. Bd3 Nb2 27. Bxb5 Rd5
28. a4 Bxb4 29. Rc2 Rxb5 30. Rxb2 Rb6 31. a5 Bc3 32. axb6 Rxa1 33. Rc2 Ra3 34.
h6 Rb3 35. Kf3 Kf8 36. g5 g6 37. Ra2 Rxb6 38. Ra8+ Ke7 39. Rh8 Rc6 40. Rb8 Rc7
41. Ke4 Rd7 42. Bg3 Be1 43. Kf3 Bb4 44. Kg2 Bc5 45. e4 Ba7 46. Ra8 b5 47. f4 Rb7
48. Be1 Bb8 49. Bb4+ Kd7 50. Kf3 Kc8 51. Ra5 Bc7 52. Ra2 Bb6 53. Ke2 Ra7 54. Rb2
Kb7 55. Rd2 Kc6 56. Rd6+ Kc7 57. f5 Ra4 58. fxe6 fxe6 59. Bc3 Rxe4+ 60. Kd3 Re3+
61. Kc2 b4 62. Bb2 b3+ 63. Kd1 Ba5 0-1

[Event "Sunway Sitges Online Open"]
[Site "chess.com INT"]
[Date "2020.04.20"]
[Round "2.7"]
[White "Shome, Shiv"]
[Black "Nasuta, Grzegorz"]
[Result "0-1"]
[BlackTitle "GM"]
[WhiteElo "2237"]
[BlackElo "2558"]
[WhiteFideId "46608850"]
[BlackFideId "1141686"]
[EventDate "2020.04.19"]

1. e4 c5 2. Nf3 d6 3. d4 cxd4 4. Nxd4 Nf6 5. Nc3 a6 6. Be3 e6 7. f3 b5 8. Qd2
Bb7 9. a3 Nbd7 10. g4 Nb6 11. O-O-O Rc8 12. Kb1 Nfd7 13. Rg1 Ne5 14. f4 Nec4 15.
Qe1 Qc7 16. Bxc4 Nxc4 17. Rd3 Be7 18. g5 g6 19. Bc1 e5 20. Nb3 Qc6 21. Rg2 a5
22. Nd5 Bd8 23. Re2 Ba6 24. Rf2 b4 25. axb4 a4 26. Na1 Nb6 27. Rc3 Qb5 28. Rxc8
Bxc8 29. fxe5 Be6 30. Rd2 dxe5 31. Nf6+ Bxf6 32. gxf6 Nd7 33. Rd6 Nxf6 34. Bg5
Nd7 35. Bh6 Ke7 36. Rd3 Rc8 37. Rc3 Rb8 38. Bc1 f6 39. Re3 Qxb4 40. Qxb4+ Rxb4
41. c3 Rxe4 42. Rxe4 Bf5 43. Ka2 Bxe4 44. Ka3 Bc6 45. Be3 f5 46. Nc2 f4 47. Bg1
Kd6 48. c4 e4 49. Nb4 Nc5 50. Nxc6 Kxc6 51. Bd4 e3 0-1

[Event "Sunway Sitges Online Open"]
[Site "chess.com INT"]
[Date "2020.04.20"]
[Round "2.8"]
[White "Tsydypov, Zhamsaran"]
[Black "Mahitosh, Dey"]
[Result "0-1"]
[WhiteTitle "GM"]
[BlackTitle "FM"]
[WhiteElo "2558"]
[BlackElo "2254"]
[WhiteFideId "4108566"]
[BlackFideId "25091468"]
[EventDate "2020.04.19"]

1. d4 d5 2. c4 e6 3. Nc3 Nf6 4. Nf3 Be7 5. g3 O-O 6. Bg2 Nbd7 7. Qb3 c6 8. O-O
b6 9. Bf4 Bb7 10. Rfd1 Rc8 11. cxd5 Nxd5 12. e4 Nxf4 13. gxf4 Qc7 14. e5 Rfe8
15. Rac1 Qb8 16. Bh3 c5 17. d5 c4 18. Qc2 Nc5 19. Nd4 Nd3 20. dxe6 f6 21. Rxd3
cxd3 22. Qxd3 fxe5 23. Nf5 Bf6 24. Re1 Rcd8 25. Qe2 Kh8 26. fxe5 Rxe6 27. f4 Be7
28. Ne4 Rg6+ 29. Kh1 Qa8 30. Bf1 Bb4 0-1

[Event "Sunway Sitges Online Open"]
[Site "chess.com INT"]
[Date "2020.04.20"]
[Round "2.9"]
[White "Martin Barcelo, Carles"]
[Black "Sindarov, Javokhir"]
[Result "0-1"]
[BlackTitle "GM"]
[WhiteElo "2231"]
[BlackElo "2557"]
[WhiteFideId "24561444"]
[BlackFideId "14205483"]
[EventDate "2020.04.19"]

1. e4 e5 2. Nf3 Nc6 3. Bb5 a6 4. Ba4 d6 5. O-O Bd7 6. d4 exd4 7. Nxd4 b5 8. Nxc6
Bxc6 9. Bb3 Nf6 10. Nc3 Be7 11. Re1 O-O 12. a4 b4 13. Nd5 a5 14. f3 Nxd5 15.
Bxd5 Bxd5 16. Qxd5 Bf6 17. Qb3 Re8 18. Be3 c5 19. Rad1 Qc7 20. c4 bxc3 21. bxc3
c4 22. Qa3 Be5 23. h3 Rab8 24. Rb1 d5 25. Rxb8 Qxb8 26. Bf2 dxe4 27. Rxe4 Bh2+
28. Kh1 Rxe4 29. fxe4 Bd6 30. Qa2 Qb3 31. Qd2 Bf8 32. Bd4 h6 33. Be5 Qxa4 34.
Qd8 Qa3 35. Bc7 a4 36. e5 Qc1+ 37. Kh2 Qf4+ 38. Kh1 a3 39. Qa8 Kh7 40. e6 Qf1+
41. Kh2 fxe6 42. Qe4+ Kh8 43. Qa8 Kh7 44. Qe4+ Qf5 45. Qxc4 Qb1 0-1

[Event "Sunway Sitges Online Open"]
[Site "chess.com INT"]
[Date "2020.04.20"]
[Round "2.10"]
[White "Moroni, Luca Jr"]
[Black "Aranha Filho, Alvaro Z."]
[Result "1-0"]
[WhiteTitle "GM"]
[BlackTitle "FM"]
[WhiteElo "2530"]
[BlackElo "2233"]
[WhiteFideId "865834"]
[BlackFideId "2103931"]
[EventDate "2020.04.19"]

1. c4 c6 2. d4 d5 3. Nf3 Nf6 4. Nc3 e6 5. Bg5 Be7 6. e3 Nbd7 7. Bd3 O-O 8. cxd5
exd5 9. Qc2 Re8 10. O-O Nf8 11. h3 Ne4 12. Bf4 Nxc3 13. bxc3 Bd6 14. Bxd6 Qxd6
15. Rab1 Re7 16. c4 dxc4 17. Bxc4 Qf6 18. Ne5 c5 19. Nxf7 Rxf7 20. Bxf7+ Qxf7
21. Qxc5 b6 22. Qd6 Bb7 23. a3 Ne6 24. Rbc1 Rd8 25. Qg3 h6 26. Rc3 Rd7 27. Rfc1
Kh7 28. h4 b5 29. Qg4 Rd6 30. f3 Bd5 31. Rc8 Bc4 32. Qe4+ g6 33. a4 a6 34. axb5
axb5 35. Ra1 Qg7 36. Raa8 Rd7 37. h5 1-0

[Event "Sunway Sitges Online Open"]
[Site "chess.com INT"]
[Date "2020.04.21"]
[Round "3.2"]
[White "Haring, Viktor"]
[Black "Shevchenko, Kirill"]
[Result "0-1"]
[WhiteTitle "FM"]
[BlackTitle "GM"]
[WhiteElo "2298"]
[BlackElo "2592"]
[WhiteFideId "14919400"]
[BlackFideId "14129574"]
[EventDate "2020.04.19"]

1. e4 c5 2. Nf3 d6 3. d4 cxd4 4. Nxd4 Nf6 5. Nc3 a6 6. Be3 e5 7. Nb3 Be6 8. f4
exf4 9. Bxf4 Nc6 10. Qe2 Rc8 11. h3 Ne5 12. O-O-O Nfd7 13. Nd5 Bxd5 14. Rxd5 Be7
15. g4 Bg5 16. Bxg5 Qxg5+ 17. Kb1 Qe7 18. Rd1 Nc5 19. Nd4 g6 20. h4 b5 21. g5
Nc4 22. Qe1 O-O 23. b3 Nb6 24. Bg2 Rfe8 25. Rf1 Nxe4 26. Bxe4 Qxe4 27. Qf2 Qb7
28. h5 Nd5 29. hxg6 fxg6 30. Rde1 Nc3+ 31. Kb2 Ne4 32. Qf3 d5 33. Qd3 b4 34. Nf3
Qg7+ 35. Kb1 Nc3+ 36. Kc1 Nxa2+ 37. Kd2 Nc3 38. Rxe8+ Rxe8 39. Qxa6 Ne4+ 40. Kc1
Rf8 41. Nd2 Nxg5 42. Rxf8+ Qxf8 43. Qb7 Qd6 44. Qc8+ Kg7 0-1

[Event "Sunway Sitges Online Open"]
[Site "chess.com INT"]
[Date "2020.04.21"]
[Round "3.3"]
[White "Thybo, Jesper Sondergaard"]
[Black "Espinoza Palomino, Willyam"]
[Result "1/2-1/2"]
[WhiteTitle "GM"]
[BlackTitle "IM"]
[WhiteElo "2590"]
[BlackElo "2400"]
[WhiteFideId "1438832"]
[BlackFideId "3804852"]
[EventDate "2020.04.19"]

1. Nf3 Nf6 2. c4 c6 3. d4 d5 4. Nc3 e6 5. g3 Nbd7 6. Bg2 dxc4 7. O-O b5 8. e4 b4
9. e5 Nd5 10. Ne4 Ba6 11. Nfg5 N7b6 12. Qh5 Qd7 13. Nxh7 O-O-O 14. Nxf8 Rdxf8
15. Qe2 Bb5 16. a4 bxa3 17. Nd6+ Kb8 18. Rxa3 c3 19. Nxb5 cxb5 20. bxc3 Rc8 21.
Bd2 Rc7 22. Rfa1 Rhc8 23. Ra6 Rb7 24. h4 Nc4 25. h5 Rbc7 26. Be1 Rb7 27. Qg4 Rg8
28. Qg5 Qd8 29. Qxd8+ Rxd8 30. g4 Rc7 31. Kh2 Ncb6 32. R1a5 Rdd7 33. Rxb5 Kc8
34. Rb3 Kd8 35. Bd2 Ke8 36. Bf1 Kf8 37. f4 Rc8 38. f5 Rdc7 39. fxe6 fxe6 40.
Raa3 Rf7 41. Kg2 Kg8 42. Ra1 Rcf8 43. Bg5 Rf2+ 44. Kg1 R2f3 45. Bg2 Rg3 46. Rf1
Rc8 47. Kh2 Rgxc3 48. Rxc3 Rxc3 49. h6 gxh6 50. Bxh6 Ne3 51. Bxe3 Rxe3 52. Rf6
Rd3 53. Rxe6 Rxd4 54. Kg3 Nc4 55. Bf1 Ne3 56. Be2 a5 57. Kf3 Nc4 58. Bxc4 Rxc4
59. Ra6 a4 60. Ra7 Kf8 61. g5 Rb4 62. g6 Rb6 63. g7+ Kg8 64. Ke4 a3 65. Kd5 a2
66. e6 a1=Q 67. Rxa1 Kxg7 68. Rf1 Rb2 69. Kd6 Ra2 70. Rf7+ Kg6 71. Rf8 Ra6+ 72.
Kd5 Ra5+ 73. Kd4 Ra4+ 74. Kc5 Ra5+ 75. Kd6 1/2-1/2